Nonlinear Finite Element Methods

Salvato in:
Dettagli Bibliografici
Autore principale: Wriggers, Peter (Autore)
Natura: Libro
Lingua:inglese
Pubblicazione: Springer-Verlag Berlin Heidelberg, 2008
Edizione:1. vyd
Soggetti:
Tags: Aggiungi Tag
Nessun Tag, puoi essere il primo ad aggiungerne!!

MARC

LEADER 00000nam a22000003a 4500
001 stu196925
005 20190206105115.3
008 091208s2008------------------------eng-d
020 |a 978-3-540-71000-4 
040 |a STU  |b slo 
041 0 |a eng 
080 |a 620.001.518.25 
100 1 |a Wriggers, Peter  |4 aut 
245 1 |a Nonlinear Finite Element Methods 
250 |a 1. vyd 
260 |b Springer-Verlag Berlin Heidelberg,  |c 2008 
300 |a 559 s 
650 7 |a skúšanie materiálov  |2 stusub 
996 |b 284J036158  |c J*111481  |l JJK10  |s P  |a 0  |w stu196925_0001